Countries closest to Iraq - Statistics

General Stats
  • This quiz has been taken 15 times
  • The average score is 17 of 19
Answer Stats
Hint Answer % Correct
Asia Azerbaijan
100%
Asia Iran
100%
Asia Jordan
100%
Asia Lebanon
100%
Asia Qatar
100%
Asia Saudi Arabia
100%
Asia United Arab Emirates
100%
Asia Armenia
93%
Africa Egypt
93%
Asia Georgia
93%
Asia Kuwait
93%
Asia Syria
93%
Asia/Europe Turkey
93%
Asia Bahrain
86%
Asia Israel
86%
Asia/Europe Russia
79%
Asia Turkmenistan
79%
Asia Cyprus
50%
Asia Palestine
50%
No matching quizzes found
Score Distribution
Percent of People with Each Score
Percentile by Number Answered
Your Score History
You have not taken this quiz